000 00666nam a2200145Ia 4500
008 100204s9999 xx 000 0 und d
082 _b4776
100 _aप्रियोळकर अ. का. संपा.
245 _aरघुनाथ पंडीत विरचित दमयंती स्वयंवर
260 _b"व्हिनस प्रकाशन, पुणे"
_c1969 3
300 _a104
630 _aरघुनाथ पंडीत विरचित दमयंती स्वयंवर
730 _aरघुनाथ पंडीत विरचित दमयंती स्वयंवर
942 _cBOOK
999 _c449463
_d449460